书目信息 |
| 题名: |
寿险精算学
|
|
| 作者: | 王晓军 编著 | |
| 分册: | ||
| 出版信息: | 北京 中国人民大学出版社 2005 |
|
| 页数: | 312页 | |
| 开本: | 23cm | |
| 丛书名: | ||
| 单 册: | ||
| 中图分类: | F840.62 | |
| 科图分类: | ||
| 主题词: | 人寿保险--精算学--高等学校--教材 , 人寿保险 | |
| 电子资源: | ||
| ISBN: | 7-300-06454-X | |
| 000 | 00966nam0 2200265 450 | |
| 000 | 00979nam0 2200265 450 | |
| 000 | 00909nam0 2200241 450 | |
| 000 | 00873oam2 2200229 45 | |
| 005 | 20070725111058.96 | |
| 010 | @a7-300-06454-X@dCNY23.00 | |
| 100 | @a20070627d2005 em y0chiy0120 ea | |
| 101 | 0 | @achi |
| 102 | @aCN@b110000 | |
| 105 | @ay z 000yy | |
| 200 | 1 | @a寿险精算学@AShou Xian Jing Suan Xue@f王晓军编著@FWang Xiao Jun Bian Zhu |
| 210 | @a北京@c中国人民大学出版社@d2005 | |
| 215 | @a312页@d23cm | |
| 300 | @a21世纪统计学系列教材 | |
| 330 | @a本书包括寿险精算学的基础理论,及寿险实务中的具体运用和特殊处理。强调精算学的数学特性,同时又注意数学背后的实践意义;强调在实际应用的前提下,努力挖掘其数学背景,使理论和实践有机地结合起来。 | |
| 606 | 0 | @a人寿保险@x精算学@x高等学校@j教材 |
| 606 | 0 | @a人寿保险 |
| 690 | @aF840.62@v4 | |
| 701 | 0 | @a王晓军@AWang Xiao Jun@c(统计学)@4编著 |
| 801 | 0 | @aCN@bTAOJIN@c20070725 |
| 905 | @a10447@dF840.62@e39 | |
| 寿险精算学/王晓军编著.-北京:中国人民大学出版社,2005 |
| 312页;23cm |
| 21世纪统计学系列教材 |
| ISBN 7-300-06454-X:CNY23.00 |
| 本书包括寿险精算学的基础理论,及寿险实务中的具体运用和特殊处理。强调精算学的数学特性,同时又注意数学背后的实践意义;强调在实际应用的前提下,努力挖掘其数学背景,使理论和实践有机地结合起来。 |
| ● |
| 相关链接 |
|
|
|
|
正题名:寿险精算学
索取号:F840.62/39
 
预约/预借
| 序号 | 登录号 | 条形码 | 馆藏地/架位号 | 状态 | 备注 |
| 1 | 0824931 | 208249313 | 第一样本阅览室/ [索取号:F840.62/39] | 在馆 | |
| 2 | 0824932 | 208249322 | 密集书库/ [索取号:F840.62/39] | 在馆 | |
| 3 | 0824933 | 208249331 | 密集书库/ [索取号:F840.62/39] | 在馆 | |
| 4 | 0824934 | 208249340 | 第一借阅区/ [索取号:F840.62/39] | 在馆 | |
| 5 | 0824935 | 208249359 | 第一借阅区/ [索取号:F840.62/39] | 在馆 | |
| 6 | 0824936 | 208249368 | 密集书库/ [索取号:F840.62/39] | 在馆 | |
| 7 | 0824937 | 208249377 | 第一借阅区/ [索取号:F840.62/39] | 在馆 | |
| 8 | 0824938 | 208249386 | 第一借阅区/ [索取号:F840.62/39] | 在馆 |